000 01247cam a2200301 a 4500
001 16344023
003 OSt
005 20180116183059.0
008 100722s2011 nyua 000 0 eng
010 _a 2010029962
020 _a9780071752251 (alk. paper)
020 _a0071752250 (alk. paper)
035 _a(OCoLC)ocn613427926
040 _aDLC
_cDLC
_dYDX
_dBTCTA
_dCDX
_dYDXCP
_dOQX
_dDLC
050 0 0 _aGV1507.W8
_bT48 2011
082 0 0 _a793.734 TIM 2010
_222
100 1 _aTimmerman, Charles.
245 1 0 _aExercise your executive brain :
_b500 games, puzzles, and activities to get in mental shape on the job /
_cCharles Timmerman.
260 _aNew York :
_bMcGraw-Hill,
_cc2011.
300 _ax, 354 p. :
_bill. ;
_c23 cm.
440 _aExercise your executive brain :500 games, puzzles, and activities to get in mental shape on the job
500 _aPB.
505 0 _aAnagrams -- Speedy mazes -- Cryptograms -- Word search -- Inky pinkys -- Sudoku -- What's in a name? -- Dropouts -- Crosswords.
650 0 _aWord games.
906 _a7
_bcbc
_corignew
_d1
_eecip
_f20
_gy-gencatlg
942 _2ddc
_cBK
999 _c351941
_d351941